Подробности
| 000 -МАРКЕР |
| контрольное поле |
03474ncm0a2200421 4500 |
| 001 - ИДЕНТИФИКАТОР ЗАПИСИ |
| контрольное поле |
RU\NLR\ONIZ\214874 |
| 005 - ИДЕНТИФИКАТОР ВЕРСИИ |
| контрольное поле |
20250626034826.0 |
| 013 ## - МЕЖДУНАРОДНЫЙ СТАНДАРТНЫЙ НОМЕР ИЗДАНИЯ МУЗЫКАЛЬНОГО ПРОИЗВЕДЕНИЯ (ISMN) |
| Номер (ISMN) |
979-0-66000-407-4 |
| 035 ## - ДРУГИЕ СИСТЕМНЫЕ НОМЕРА |
| Идентификатор записи |
(NLR Aleph) 011273489 |
| 071 20 - ИЗДАТЕЛЬСКИЙ НОМЕР |
| Номер, присвоенный агентством |
с 6208 к |
| 100 ## - ДАННЫЕ ОБЩЕЙ ОБРАБОТКИ |
| Данные общей обработки |
20160927d2011 |||y0rusy50 ca |
| 101 0# - ЯЗЫК РЕСУРСА |
| Язык текста, звукозаписи и т.д. |
русский |
| 102 ## - СТРАНА ПУБЛИКАЦИИ ИЛИ ПРОИЗВОДСТВА |
| Страна публикации |
Российская Федерация |
| 125 ## - ПОЛЕ КОДИРОВАННЫХ ДАННЫХ: ЗВУКОЗАПИСИ И НОТНЫЕ ИЗДАНИЯ |
| Форма изложения нотного текста |
ax |
| 200 1# - ЗАГЛАВИЕ И СВЕДЕНИЯ ОБ ОТВЕТСТВЕННОСТИ |
| Основное заглавие |
Популярная зарубежная музыка для детского хора |
| Общее обозначение материала |
Ноты |
| Сведения, относящиеся к заглавию |
учеб. пособие для ДМШ |
| Обозначение и номер части |
Вып. 1 |
| Первые сведения об ответственности |
сост. И. В. Роганова, О. В. Рыкалина, Л. В. Васильева |
| Последующие сведения об ответственности |
предисл. И. Рогановой |
| 210 ## - ПУБЛИКАЦИЯ, РАСПРОСТРАНЕНИЕ И ДР. |
| Место издания, распространения и т.д. |
Санкт-Петербург |
| Имя издателя, распространителя и т. д. |
Композитор - Санкт-Петербург |
| Дата издания, распространения и т.д. |
cop. 2011 |
| 215 ## - ФИЗИЧЕСКАЯ ХАРАКТЕРИСТИКА |
| Специфическое обозначение материала и объем |
55 с. |
| Размеры |
29 см |
| 225 1# - СЕРИЯ |
| Основное заглавие серии |
В помощь хормейстеру |
| 327 1# - ПРИМЕЧАНИЯ О СОДЕРЖАНИИ |
| Текст примечания |
1-9. Негритянские спиричуэлы: Каждый раз, когда я чувствую присутствие Святого Духа / обраб. К.-Б. Агнестига; Ступай, Моисей / обраб. К.-Б. Агнестига; Иисус завоевал Иерихон / обраб. К. Шоу; Войди в воду / обраб. Э. Даниэля; Скоро закончатся мои страдания / обраб. Э. Даниэля; О Пётр, звони в колокола / обраб. К.-Б. Агнестига; Возьми мою душу / обраб. Дж. Бартельсона; Никто не знает о моих бедах, кроме Господа / обраб. Г. Дугласа; Музыка глубоко в моей душе / обраб. Э. Хогана. 10. Возьми мою душу: канон / обраб. К.-Ж. Верни. 11. Скэт-канон / муз. и сл. К.-Ж. Верни. 12. Прелюдия в стиле свинг: из "Te Deum" / М. А. Шарпантье; текст и обраб. Г. О. Миллсби. 13-15. Пой в стиле свинг: канон; Давайте петь в стиле свинг!: канон; Обхохочешься!: фуга смеха / муз. и сл. Л. Майерхофера. 16. Музыка - моя жизнь / обраб. Э. Батлера. 17. Тра-ла-ла / муз. и сл. Л. Лундена. 18. Ха-ха-ха: канон / муз. и сл. Л. Керубини; англ. текст Л. Майерсхофера. 19. Деревенский оркестр / муз. и сл. В. Арико Жуниора |
| 606 1# - НАИМЕНОВАНИЕ ТЕМЫ КАК ПРЕДМЕТ |
| Наименование темы |
Произведения для детского хора |
| Формальный подзаголовок |
Ноты |
| Код системы |
nlr_sh |
| 606 1# - НАИМЕНОВАНИЕ ТЕМЫ КАК ПРЕДМЕТ |
| Наименование темы |
Спиричуэлсы для детского хора |
| Формальный подзаголовок |
Ноты |
| Код системы |
nlr_sh |
| 686 ## - ИНДЕКСЫ ДРУГИХ КЛАССИФИКАЦИЙ |
| Индекс |
Щ941.8я43 |
| Издание |
LBC/SL |
| Код системы |
|
| 686 ## - ИНДЕКСЫ ДРУГИХ КЛАССИФИКАЦИЙ |
| Индекс |
Щ99(7США) |
| Издание |
LBC/SL |
| Код системы |
|
| 702 #1 - ИМЯ ЛИЦА - ВТОРИЧНАЯ ОТВЕТСТВЕННОСТЬ |
| Системный номер авторитетной/нормативной записи |
z01790 |
| Начальный элемент ввода |
Роганова |
| Часть имени, кроме начального элемента ввода |
И. В. |
| Расширение инициалов личного имени |
Ирина Вячеславовна |
| Код отношения |
Составитель |
| 702 #1 - ИМЯ ЛИЦА - ВТОРИЧНАЯ ОТВЕТСТВЕННОСТЬ |
| Системный номер авторитетной/нормативной записи |
z02790 |
| Начальный элемент ввода |
Рыкалина |
| Часть имени, кроме начального элемента ввода |
О. В. |
| Расширение инициалов личного имени |
Ольга Владимировна |
| Код отношения |
Составитель |
| 702 #1 - ИМЯ ЛИЦА - ВТОРИЧНАЯ ОТВЕТСТВЕННОСТЬ |
| Системный номер авторитетной/нормативной записи |
z03790 |
| Начальный элемент ввода |
Васильева |
| Часть имени, кроме начального элемента ввода |
Л. В. |
| Расширение инициалов личного имени |
Лилия Викторовна |
| Код отношения |
Составитель |
| 790 #1 - ИМЯ ЛИЦА - АЛЬТЕРНАТИВНАЯ ФОРМА |
| Системный номер авторитетной/нормативной записи |
z01702 |
| Начальный элемент ввода |
Roganova |
| Часть имени, кроме начального элемента ввода |
I. V. |
| Расширение инициалов личного имени |
Irina Vyacheslavovna |
| Код отношения |
Составитель |
| 790 #1 - ИМЯ ЛИЦА - АЛЬТЕРНАТИВНАЯ ФОРМА |
| Системный номер авторитетной/нормативной записи |
z02702 |
| Начальный элемент ввода |
Ry'kalina |
| Часть имени, кроме начального элемента ввода |
O. |
| Расширение инициалов личного имени |
Ol'ga |
| Код отношения |
Составитель |
| 790 #1 - ИМЯ ЛИЦА - АЛЬТЕРНАТИВНАЯ ФОРМА |
| Системный номер авторитетной/нормативной записи |
z03702 |
| Начальный элемент ввода |
Vasil'eva |
| Часть имени, кроме начального элемента ввода |
L. |
| Расширение инициалов личного имени |
Liliya |
| Код отношения |
Составитель |
| 801 #0 - ИСТОЧНИК ЗАПИСИ |
| Страна |
Российская Федерация |
| Организация |
NLR |
| Дата составления |
20160927 |
| Правила каталогизации |
PSBO |
| 801 #1 - ИСТОЧНИК ЗАПИСИ |
| Страна |
Российская Федерация |
| Организация |
NLR |
| Дата составления |
20160927 |
| Источник данных |
rusmarc |
| 801 #2 - ИСТОЧНИК ЗАПИСИ |
| Страна |
Российская Федерация |
| Организация |
NLR |
| Дата составления |
20161206 |
| 852 ## - МЕСТОНАХОЖДЕНИЕ И ШИФР ХРАНЕНИЯ |
| Идентификатор организации |
NLR |
| Наименование фонда или коллекции (Sub-Location Identifier) |
М |
| Шифр хранения (Call Number) |
К-3/27896(1) |
| Страна |
|
| Номер экземпляра |
1 |
| 942 ## - ДОПОЛНИТЕЛЬНЫЕ ЭЛЕМЕНТЫ ЗАПИСИ (АБИС) |
| Тип экземпляра АБИС |
Ноты |
| 980 ## - КОЛЛЕКЦИЯ |
| Название коллекции |
Национальная библиография |
| 980 ## - КОЛЛЕКЦИЯ |
| Название коллекции |
Отдел нот и звукозаписей |